The Everything guide to cooking for children with diabetes : from everyday meals to holiday treats-- how to prepare foods your child will love to eat (Record no. 405213)

MARC details
000 -LEADER
fixed length control field 00394nam a2200097Ia 4500
082 ## - DEWEY DECIMAL CLASSIFICATION NUMBER
Classification number J R 641.56314083 EVER
008 - FIXED-LENGTH DATA ELEMENTS--GENERAL INFORMATION
fixed length control field 210817s9999 xx 000 0 und d
100 ## - MAIN ENTRY--PERSONAL NAME
Personal name McCarthy, Moira Avon, Mass., 2009
245 #0 - TITLE STATEMENT
Title The Everything guide to cooking for children with diabetes : from everyday meals to holiday treats-- how to prepare foods your child will love to eat
942 ## - ADDED ENTRY ELEMENTS
item type Books

No items available.